1980 1038 1553 1588 1340 1734 1825 1977 1103 1775 1142 1875 1051 1351 1743 1821 1715 1163 1421 1620 1831 1301 1482 1159 1420 1590 1807 1772 1290 1832 1079 1756 1512 1061 1671 1695 1034 1157 1274 1102 1251 1256 1156 1916 1151 1480 1400 1025 1155 1846 1768 1328 1537 1318 1803 1506 1113 1111 1792 1717 1774 1174 1432 1085 1286 1413 1472 1857 1227 1821 1596 1083 1089 1979 1220 1824 1892 1167 1198 1911 1184 1539 1065 1666 1570 1322 1813 1875 1600 1783 1547 1815 1605 1762 1235 1288 1998 1076 1222 BCNSPRNW ULIB Ver.6.0+V

เปลี่ยนเป็นภาษาไทย

Change to English
 แสดงรายละเอียดบรรณานุกรม
  กลับหน้าหลัก

Brief Record : Get Marc (ISO 2709) : E-mail record : QR code < ปิดหน้าต่าง
LEADER : 00000nam 2200000uu 4500
001    13399127267
003     ULIB
008    200316s2561||||th 000 0 tha d
020    ^a9786168122044^c800
060 04 ^aWX218^bI17
245 00 ^aICU Everywhere /^cบรรณาธิการ, ดุสิต สถาวร, ครรชิต ปิยะเวชวิรัตน์, สหดล ปุญญถาวร
250    ^aพิมพ์ครั้งที่ 1
260    ^aกรุงเทพฯ : ^bสมาคมเวชบำบัดวิกฤตแห่งประเทศไทย, ^c2561
300    ^axxii, 754 หน้า : ^bภาพประกอบ
504    ^aบรรณานุกรมท้ายเรื่อง
504    ^aดัชนีท้ายเล่ม
590    ^aP-T-62
650  7 ^aหน่วยรักษาพยาบาลผู้ป่วยหนัก
650  2 ^aIntensive Care Unites
650  2 ^aCritical Care
700 0  ^aดุสิต สถาวร,^eบรรณาธิการ
700 0  ^aครรชิต ปิยะเวชวิรัตน์,^eบรรณาธิการ
700 0  ^aสหดล ปุญญถาวร,^eบรรณาธิการ
710 2  ^aสมาคมเวชบำบัดวิกฤตแห่งประเทศไทย
945    ^p800^l0^i006590
945    ^p800^l0^i006591
945    ^p800^l0^i006592
945    ^p800^l0^i006593
945    ^p800^l0^i006594
999    ^aประนอม เกษจรัล
รายการนี้ยังไม่มีแท็ก
คุณยังไม่ได้ล็อกอิน คุณสามารถมีกิจกรรมร่วมกับเว็บไซต์ได้ แต่ต้องล็อกอินก่อน ::
  ล็อกอิน

รายการสื่อสารสนเทศ

ลำดับที่ ประเภท เลขเรียก/บาร์โค้ด สถานที่ สถานะ
1. วิทยาศาสตร์การแพทย์ และสุขภาพ
หนังสือสำรอง
สถานะ=หนังสือสำรอง
WX218 I17 ฉ.1 
  Barcode: 006590
ห้องสมุดวิทยาเขตสวรรค์ประชารักษ์
►หนังสือทั่วไป
บนชั้น
2. วิทยาศาสตร์การแพทย์ และสุขภาพ
วิทยาศาสตร์การแพทย์ และสุขภาพ
WX218 I17 ฉ.2 
  Barcode: 006591
ห้องสมุดวิทยาเขตสวรรค์ประชารักษ์
►หนังสือทั่วไป
บนชั้น
3. วิทยาศาสตร์การแพทย์ และสุขภาพ
วิทยาศาสตร์การแพทย์ และสุขภาพ
WX218 I17 ฉ.3 
  Barcode: 006592
ห้องสมุดวิทยาเขตสวรรค์ประชารักษ์
►หนังสือทั่วไป
ถูกยืม กำหนดส่งวันที่ 13 สิงหาคม 2566
  จอง
4. วิทยาศาสตร์การแพทย์ และสุขภาพ
วิทยาศาสตร์การแพทย์ และสุขภาพ
WX218 I17 ฉ.4 
  Barcode: 006593
ห้องสมุดวิทยาเขตสวรรค์ประชารักษ์
►หนังสือทั่วไป
บนชั้น
5. วิทยาศาสตร์การแพทย์ และสุขภาพ
วิทยาศาสตร์การแพทย์ และสุขภาพ
WX218 I17 ฉ.5 
  Barcode: 006594
ห้องสมุดวิทยาเขตสวรรค์ประชารักษ์
►หนังสือทั่วไป
ถูกยืม กำหนดส่งวันที่ 10 พฤศจิกายน 2568
  จอง

รายการใกล้เคียง
    หัวเรื่อง [หน่วยรักษาพยาบาลผู้ป่วยหนัก]
    หัวเรื่อง [Intensive Care Unites]
    หัวเรื่อง [Critical Care]

BibComment


ยังไม่เคยถูกคอมเมนท์

คอมเมนท์ทรัพยากรรายการนี้
  คอมเมนท์: ICU Everywhere ..


 Copyright 2026. Bcnsprnw @Library